000
00280nam a22001337a 4500
008
180924b xxu||||| |||| 00| 0 eng d
020
_a
0804663725
041
_a
eng
080
_2
3 EDD
_a
12
100
_a
11
101
_a
BIO
245
_a
Biology
_c
Raven.J
942
_2
udc
_c
BK
999
_c
48329
_d
48329